O mundo do trabalho no contexto das reformas anl̀ise crt̕ica homenagem aos 40 anos da amatra 8 /

Bibliographic Details
Main Author: Maranhao, Ney
Format: eBook
Language:Portuguese
Published: San Pablo: LTR, 2017
Subjects:
Online Access:Acceso restringido

MARC

LEADER 00000nam a22000007a 4500
005 20180504221055.0
007 cr|||| ||||
008 180504s2017 br |||||s|||| 00||0 por d
020 |a 978-85-361-9469-1 
035 |a 21572 
040 |a vLex 
090 |c 7908  |d 7908 
100 1 |a Maranhao, Ney 
245 1 1 |a O mundo do trabalho no contexto das reformas  |h [Recurso electrn̤ico] :  |b anl̀ise crt̕ica homenagem aos 40 anos da amatra 8 /  |c Ney Maranhao 
256 |a Servicio en ln̕ea 
260 |a San Pablo:  |b LTR,  |c 2017 
300 |a 1 recurso electrn̤ico 
500 |a As relaė̳s trabalhistas sô, por demais, dinḿicas, porquanto diretamente influenciadas por uma movimentaȯ̂ intrn̕seca ao prp̤rio capitalismo, cujo perfil, como ̌cediȯ, remodela-se ̉luz das contingn̊cias e enfrentamentos de cada momento histr̤ico. Disso resulta a indiscutv̕el necessidade de se acompanhar os passos da conformaȯ̂ socioe-conm̥ica do capital tambm̌ mediante atenta observaȯ̂ do mundo do trabalho, o que leva o estudioso do tema a se debruȧr, com cin̊cia e conscin̊cia, entre outras frentes de trabalho, sobre as especf̕icas expresse̳s jurd̕icas que se destinam a reger tô complexa faceta da realidade humana. Por certo, esse movimento reflexivo deve ser pautado, sobre-tudo, na mantenȧ dos significativos avanȯs civilizatr̤ios historicamente conquistados no campo juslaboral, merc ̊da peculiar estruturaȯ̂ havida nos liames jurd̕ico-trabalhistas, a envolver, a um s ̤tempo, de regra, partc̕ipes hipossuficientes e crďitos de natureza alimentar. No Brasil, os l︢timos “passos” legislativos na regulaȯ̂ dessa temt̀ica – seguindo praticamente na mesma toada do que se visualiza no plano internacional – tm̊ nos forȧdo a estabelecer diuturna clivagem crt̕ico-cientf̕ica sobre as diversas propostas e mesmo realizaė̳s por aqui j ̀levadas a cabo no plano legiferante, refletindo a respeito de suas causas, assimilando seus contornos e ponderando acerca de seus possv̕eis efeitos perante nossa realidade social. Foram esses os props̤itos que nos impulsionaram ̉realizaȯ̂ deste projeto, que materializa, sem sombra de dv︢ida, mais um importante esforȯ cientf̕ico-acadm̊ico da combativa Amatra 8 no anseio por um mundo mais justo e civilizado, o que decerto s ̤poder ̀ser alcanȧdo dentro de marcos jurd̕ico-laborativos firmemente compromissados com a dignidade do ser humano que trabalha. Que a leitura desta coletńea seja mais um passo na construȯ̂ dessa realidade. 
506 1 |a Disponible solo en los productos indicados  |d vLex Global  |d vLex Global (Academic Edition, excluding Law Schools)  |d vLex Global (U.S. Academic Edition, Law Schools)  |d vLex Global (U.S. Academic Edition, excluding Law Schools)  |d vLex Global (Academic Edition, Law Schools) 
650 0 4 |a Derecho Laboral y Seguridad Social  |z Brasil 
740 0 |a vLex Libros (Servicio en ln̕ea) 
856 4 0 |u http://vlex.com/source/mundo-do-trabalho-no-contexto-das-reformas-analise-critica-homenagem-aos-40-anos-da-amatra-8-21572  |z Acceso restringido 
942 |c BOOK 
999 0 |a Labor law and social security